000 01135nam0a22002531 4500
001 rc\2934289
005 20110822010951.5
035 _a(NLR Aleph) 007083508
090 _a6500998
_c6500998
100 _a20110822d1937 |||y0rusy50 ca
101 0 _arus
102 _aRU
105 _ay z |||||
200 1 _aИнвентаризация незавершенного производства
210 _aЛенинград
_cБ. и.
_d1937
_gтип. артели "Советский печатник"
215 _aОбл., 20 с., без тит. л.
_d21х16 см
225 1 _aМатериалы и статьи по учету и отчетности (п. 2 программы)
_fЦУНХУ Госплана СССР. Ленингр. обл. и гор. упр. нар.-хоз. учета. Науч.-исслед. секция по вопросам учета
_vВып. 20
300 _aНа 2-й с. обл.: "Работу выполнил ... В.Г. Маршал ..."
701 1 _aМаршал
_bВ. Г.
801 0 _aRU
_bNLR
_gpsbo
801 1 _aRU
_bELAR
_2rusmarc
852 _aNLR
_j34-17/216(111)
942 _cBOOK
980 _aNB